01173cam a2200277 a 45000010009000000050017000090080041000260100017000670200031000840400018001150420008001330500021001410820028001620840045001902450132002352600081003673000035004485040051004836500047005346500074005816500071006556500070007266500048007967000024008447000027008681722778420170105102907.0120327s2012 enka b 001 0 eng  a 2012012333 a9780230280403 (alk. paper) aDLCcDLCdDLC apcc00aGE170b.F44 201200a363.738/74561091724223 aPOL044000aPOL011010aPOL0330002bisacsh00aFeeling the heat :bthe politics of climate policy in rapidly industrializing countries /cedited by Ian Bailey, Hugh Compston. aHoundmills, Basingstoke, Hampshire ;aNew York :bPalgrave Macmillan,c2012. axvii, 246 p. :bill. ;c23 cm. aIncludes bibliographical references and index. 0aEnvironmental policyzDeveloped countries. 0aClimatic changesxPreventionxGovernment policyzDeveloped countries. 7aPOLITICAL SCIENCE / Public Policy / Environmental Policy.2bisacsh 7aPOLITICAL SCIENCE / International Relations / Diplomacy.2bisacsh 7aPOLITICAL SCIENCE / Globalization.2bisacsh1 aBailey, Ian,d1965-1 aCompston, Hugh,d1955-